000 00642nam a2200181 i 4500
001 65016
003 ES-MaACL
005 20250817012718.0
007 t|
008 040108s1941 fr ||||1| fre d
100 1 _aFrank, Bernard.
_952299
245 1 0 _aJules Verne et ses voyages d'aprés l'ouvrage biographique de M. Allotte de la Fuyë et les documents fournis par les hé ritiers /
_cBernard Frank.
260 _aParis :
_bErnest Flammarion,
_c1941 (
_eLagny :
_fEmmanuel Grevin)
300 _a248 p., 4 lám. ;
_c19 cm.
600 1 4 _aVerne, Jules,
_d1828-1905
_9188654
852 _aES-MaACL
_jE-939
_bR.26700
999 _c65016
_d65016